Enhancing global competitiveness through sustainable environmental stewardship (Record no. 499410)

MARC details
000 -LEADER
fixed length control field 00936nam a2200265Ia 4500
003 - CONTROL NUMBER IDENTIFIER
control field OSt
005 - DATE AND TIME OF LATEST TRANSACTION
control field 20220925181459.0
008 - FIXED-LENGTH DATA ELEMENTS--GENERAL INFORMATION
fixed length control field 220923b |||||||| |||| 00| 0 eng d
020 ## - INTERNATIONAL STANDARD BOOK NUMBER
International Standard Book Number 9781848448742
037 ## - SOURCE OF ACQUISITION
Terms of availability General Book
040 ## - CATALOGING SOURCE
Original cataloging agency RTL
Transcribing agency RTL
Language of cataloging eng
041 ## - LANGUAGE CODE
Source of code eng
Language code of text/sound track or separate title eng
100 ## - MAIN ENTRY--PERSONAL NAME
Personal name JAIN Subhash C
245 #0 - TITLE STATEMENT
Title Enhancing global competitiveness through sustainable environmental stewardship
260 ## - PUBLICATION, DISTRIBUTION, ETC.
Place of publication, distribution, etc. Cheltenham
Name of publisher, distributor, etc. Edward Elgar
Date of publication, distribution, etc. 2011
300 ## - PHYSICAL DESCRIPTION
Extent xiii, 234p. Bibliography chapterwise
Dimensions cm.
490 ## - SERIES STATEMENT
Series statement New Horizons in International Business
650 ## - SUBJECT ADDED ENTRY--TOPICAL TERM
Topical term or geographic name entry element Geography
700 ## - ADDED ENTRY--PERSONAL NAME
Personal name KEDIA Ben L
9 (RLIN) 253935
942 ## - ADDED ENTRY ELEMENTS (KOHA)
Classification part X:54:(G:55), Q1
Koha item type General Books
Source of classification or shelving scheme Colon Classification (CC)
Holdings
Withdrawn status Lost status Damaged status Not for loan Home library Current library Date acquired Source of acquisition Cost, normal purchase price Total Checkouts Full call number Barcode Date last seen Cost, replacement price Price effective from Koha item type
        Ratan Tata Library Ratan Tata Library 2022-09-25 32485, 30/06/2011, Segment Book Distrobutors 4011.15   X:54:(G:55) Q1 RT1475558 2022-09-25 4011.15 2022-09-25 General Books
Copyright @ Delhi University Library System